[Event "Carlos Torre Memorial op 33rd"]
[Site "Merida"]
[Date "2023.12.17"]
[Round "6"]
[White "Galaviz Medina, Atlas Adomaitis"]
[Black "Obregon Garcia, Roxangel"]
[Result "0-1"]
[WhiteElo "2171"]
[BlackElo "2108"]
[PlyCount "120"]
[EventDate "2023.12.15"]
[EventType "swiss"]
[EventRounds "9"]
[EventCountry "MEX"]
[SourceTitle "CB52_2023"]
[SourceDate "2023.12.27"]
[SourceVersion "1"]
[SourceVersionDate "2023.12.27"]
[SourceQuality "1"]

1. d4 d5 2. Nf3 Nf6 3. e3 c6 4. c4 Bf5 5. Nc3 e6 6. Qb3 Qb6 7. c5 Qc7 8. Qa4 Be7 9. b4 0-0 10. b5 Ne4 11. Nxe4 dxe4 12. Nd2 e5 13. Nb3 Rd8 14. Bc4 cxb5 15. Qxb5 Bd7 16. Qb4 exd4 17. exd4 a5 18. Qc3 a4 19. Nd2 Bc6 20. Qe3 Bf6 21. Bb2 b5 22. cxb6 Qxb6 23. Rb1 Bxd4 24. Bxd4 Qxd4 25. Qxd4 Rxd4 26. Rb6 Bd7 27. Ke2 Bf5 28. Ke3 Rd8 29. Rb5 Bg6 30. h4 h5 31. g4 hxg4 32. h5 Bh7 33. h6 Bg6 34. Rg5 Rd6 35. Nxe4 Rb6 36. Bxf7+ Kxf7 37. h7 Nd7 38. h8Q Rxh8 39. Rxh8 Re6 40. Rxg6 Kxg6 41. Kf4 Nf6 42. Ng3 Rc6 43. Ra8 Rc4+ 44. Ke3 Rc3+ 45. Kd4 Ra3 46. Ne4 Rxa2 47. Nxf6 gxf6 48. Ke3 Kg5 49. Ra5+ f5 50. Rb5 Ra3+ 51. Ke2 Rb3 52. Ra5 a3 53. Kf1 g3 54. fxg3 Kg4 55. Kf2 Rxg3 56. Ra4+ f4 57. Ra8 Rb3 58. Rg8+ Kf5 59. Rf8+ Ke4 60. Re8+ Kd4 0-1

[Event "Iberoamerican-ch 9th"]
[Site "Panama City"]
[Date "2023.11.30"]
[Round "7"]
[White "Obregon Garcia, Roxangel"]
[Black "Layton Henao, Cesar Tulio"]
[Result "1-0"]
[WhiteElo "2138"]
[BlackElo "1896"]
[PlyCount "85"]
[EventDate "2023.11.25"]
[EventType "swiss"]
[EventRounds "9"]
[EventCountry "PAN"]
[SourceTitle "CB49_2023"]
[SourceDate "2023.12.06"]
[SourceVersion "1"]
[SourceVersionDate "2023.12.06"]
[SourceQuality "1"]

1. e4 c5 2. Nf3 d6 3. d4 cxd4 4. Nxd4 Nf6 5. Nc3 Nc6 6. Bg5 e6 7. Bb5 Bd7 8. Qd3 Qc7 9. 0-0-0 a6 10. Bxc6 bxc6 11. Rhe1 h6 12. Bxf6 gxf6 13. Nb3 a5 14. a4 Rg8 15. g3 Qb6 16. f4 Qb4 17. e5 fxe5 18. Ne4 Be7 19. Nxd6+ Bxd6 20. Qxd6 Qxd6 21. Rxd6 Ke7 22. fxe5 Rg5 23. Nc5 Be8 24. Rd3 Rb8 25. b3 Rb4 26. Kd2 h5 27. c3 Rb6 28. Rd4 Kf8 29. Kd3 Rb8 30. Kc4 Ke7 31. Re2 Rf5 32. Rd1 h4 33. gxh4 Rf3 34. Rd3 Rf4+ 35. Rd4 Rf3 36. Ree4 Rh3 37. Rd2 Rd8 38. Rxd8 Kxd8 39. Nb7+ Kc7 40. Nd6 Bd7 41. Nxf7 Bc8 42. b4 Ba6+ 43. Kb3 1-0

[Event "Pan American-ch U20 Girls"]
[Site "Vila Santa Cecilia"]
[Date "2023.11.06"]
[Round "1"]
[White "Contreras Huaman, Fiorella Daiana"]
[Black "Obregon Garcia, Roxangel"]
[Result "0-1"]
[WhiteElo "1896"]
[BlackElo "2138"]
[PlyCount "82"]
[EventDate "2023.11.06"]
[EventType "tourn"]
[EventRounds "9"]
[EventCountry "BRA"]
[SourceTitle "CB46_2023"]
[SourceDate "2023.11.15"]
[SourceVersion "1"]
[SourceVersionDate "2023.11.15"]
[SourceQuality "1"]

1. e4 c5 2. Nc3 d6 3. g3 Nc6 4. Bg2 g6 5. d3 Bg7 6. Nge2 e6 7. 0-0 Nge7 8. Bg5 0-0 9. Qd2 Rb8 10. Bh6 Bxh6 11. Qxh6 d5 12. exd5 exd5 13. Qd2 b6 14. d4 Bg4 15. h3 Bxe2 16. Nxe2 c4 17. b4 b5 18. a4 Qd6 19. Rfb1 bxa4 20. b5 Nd8 21. Qa5 Ne6 22. Qxa4 Rb7 23. Qa6 Qc7 24. c3 Rd8 25. Re1 Rd6 26. Qa3 Rdb6 27. Nf4 Nxf4 28. gxf4 Rxb5 29. Re5 f6 30. Ree1 Kf7 31. Qa6 Qxf4 32. Qe6+ Kg7 33. Re3 R5b6 34. Qxe7+ Rxe7 35. Rxe7+ Kh6 36. Re3 Rb2 37. Rf3 Qd2 38. Rxf6 Qxc3 39. Rf4 a5 40. Bxd5 Rb5 41. Rh4+ Kg7 0-1

[Event "Titled Tuesday intern op 27th Sep Early"]
[Site "Chess.com INT"]
[Date "2022.09.27"]
[Round "3"]
[White "Adewumi, Tanitoluwa"]
[Black "Obregon Garcia, Roxangel"]
[Result "1-0"]
[WhiteElo "2269"]
[BlackElo "2175"]
[PlyCount "59"]
[EventDate "2022.09.27"]
[EventType "swiss (blitz)"]
[EventRounds "11"]
[EventCountry "USA"]
[SourceTitle "CBM 210 Extra"]
[Source "ChessBase"]
[SourceDate "2022.11.30"]
[SourceVersion "1"]
[SourceVersionDate "2022.11.30"]
[SourceQuality "1"]

1. Nf3 d5 2. b3 Nf6 3. Bb2 g6 4. c4 c6 5. d4 Bg7 6. e3 0-0 7. Nc3 Re8 8. Ne5 Nbd7 9. Nd3 Ne4 10. cxd5 Nxc3 11. Bxc3 cxd5 12. Be2 b6 13. 0-0 Ba6 14. Nb4 Bxe2 15. Qxe2 e5 16. dxe5 Nxe5 17. Rad1 Rc8 18. Nxd5 Qh4 19. h3 Red8 20. f4 Nd7 21. Bxg7 Kxg7 22. Qb2+ Kg8 23. e4 Nc5 24. Nf6+ Kf8 25. Qe5 Nd3 26. Nd7+ Rxd7 27. Qh8+ Ke7 28. Qxc8 Rd8 29. Qc3 Nxf4 30. Qc7+ 1-0

[Event "Titled Tuesday intern op 27th Sep Early"]
[Site "Chess.com INT"]
[Date "2022.09.27"]
[Round "1"]
[White "Obregon Garcia, Roxangel"]
[Black "Barria Zuniga, Daniel"]
[Result "0-1"]
[WhiteElo "2175"]
[BlackElo "2341"]
[PlyCount "96"]
[EventDate "2022.09.27"]
[EventType "swiss (blitz)"]
[EventRounds "11"]
[EventCountry "USA"]
[SourceTitle "CBM 210 Extra"]
[Source "ChessBase"]
[SourceDate "2022.11.30"]
[SourceVersion "1"]
[SourceVersionDate "2022.11.30"]
[SourceQuality "1"]

1. e4 c5 2. Nf3 Nc6 3. d4 cxd4 4. Nxd4 Nf6 5. Nc3 e6 6. Ndb5 a6 7. Nd6+ Bxd6 8. Qxd6 Qe7 9. Qd2 b5 10. f3 Bb7 11. b3 0-0 12. Bb2 Rfd8 13. 0-0-0 d5 14. Qf4 d4 15. Ne2 e5 16. Qg3 a5 17. Kb1 a4 18. Nc1 axb3 19. cxb3 b4 20. Bc4 Ba6 21. Bd3 Nd7 22. Rhe1 Nc5 23. Bxa6 Rxa6 24. f4 f6 25. fxe5 fxe5 26. Qg4 Qe6 27. Qe2 Rb6 28. Qc2 Nd7 29. Rf1 Nf6 30. Rf5 Rc8 31. Qd3 Ne7 32. Rf2 Qc6 33. Re1 Qa8 34. h3 Rbc6 35. Ne2 Qa6 36. Qxa6 Rxa6 37. Ng3 Rac6 38. Nf5 Nxf5 39. exf5 Rc5 40. g4 Nd5 41. Rd2 Nc3+ 42. Ka1 Kf7 43. Rd3 Kf6 44. Bc1 g6 45. Rf1 gxf5 46. Rxf5+ Ke6 47. Bg5 Ne4 48. Rf6+ Nxf6 0-1

[Event "Titled Tuesday intern op 02nd Aug Early"]
[Site "Chess.com INT"]
[Date "2022.08.02"]
[Round "4"]
[White "Obregon Garcia, Roxangel"]
[Black "Omariev, Maksim"]
[Result "0-1"]
[WhiteElo "2176"]
[BlackElo "2304"]
[PlyCount "54"]
[EventDate "2022.08.02"]
[EventType "swiss (blitz)"]
[EventRounds "11"]
[EventCountry "USA"]
[SourceTitle "EXT 2023"]
[Source "ChessBase"]
[SourceDate "2022.10.05"]
[SourceVersion "1"]
[SourceVersionDate "2022.10.05"]
[SourceQuality "1"]

1. e4 c5 2. Nf3 d6 3. d4 cxd4 4. Nxd4 Nf6 5. Nc3 a6 6. Rg1 b5 7. g4 Bb7 8. g5 Nxe4 9. Qf3 Nc5 10. Qg3 g6 11. Bg2 Ra7 12. Bxb7 Rxb7 13. Be3 Bg7 14. 0-0-0 0-0 15. h4 Nbd7 16. f4 Nb6 17. Nc6 Qd7 18. Bxc5 Qxc6 19. Bd4 b4 20. Bxg7 Kxg7 21. Ne2 Rc8 22. Nd4 Qc4 23. f5 Qxa2 24. f6+ Kg8 25. fxe7 Qa1+ 26. Kd2 Qxb2 27. Qg4 Rxe7 0-1

[Event "Titled Tuesday intern op 02nd Aug Early"]
[Site "Chess.com INT"]
[Date "2022.08.02"]
[Round "5"]
[White "Vagman, Roy"]
[Black "Obregon Garcia, Roxangel"]
[Result "1-0"]
[WhiteElo "2313"]
[BlackElo "2176"]
[PlyCount "71"]
[EventDate "2022.08.02"]
[EventType "swiss (blitz)"]
[EventRounds "11"]
[EventCountry "USA"]
[SourceTitle "EXT 2023"]
[Source "ChessBase"]
[SourceDate "2022.10.05"]
[SourceVersion "1"]
[SourceVersionDate "2022.10.05"]
[SourceQuality "1"]

1. e4 c5 2. Nf3 d6 3. d4 cxd4 4. Nxd4 Nf6 5. Nc3 a6 6. Bg5 Nbd7 7. f4 Qc7 8. Qf3 h6 9. Bh4 g5 10. fxg5 hxg5 11. Bxg5 Qc5 12. Be3 Ne5 13. Qe2 Neg4 14. Bg1 Bh6 15. Nf5 Qb4 16. Rb1 Bxf5 17. exf5 Bf4 18. a3 Qa5 19. g3 Bxg3+ 20. hxg3 Rxh1 21. Qg2 Qe5+ 22. Be2 Rh8 23. Qxb7 Qxg3+ 24. Kd2 Qf4+ 25. Ke1 Rd8 26. Qxa6 Rh1 27. Qc6+ Kf8 28. Qxh1 d5 29. Qf3 Qe5 30. Nb5 d4 31. Rd1 d3 32. Rxd3 Rxd3 33. Qxd3 Nd5 34. Qd4 Qg3+ 35. Kd2 Nf4 36. Qh8# 1-0

[Event "Amazons Pride Blitz"]
[Site "Chess.com INT"]
[Date "2021.10.23"]
[Round "9"]
[White "Obregon Garcia, Roxangel"]
[Black "Melenchuk, Olga"]
[Result "1-0"]
[WhiteElo "2167"]
[BlackElo "1694"]
[PlyCount "63"]
[EventDate "2021.10.23"]
[EventType "swiss (blitz)"]
[EventRounds "9"]
[EventCountry "USA"]
[SourceTitle "CBM 204 Extra"]
[Source "ChessBase"]
[SourceDate "2021.11.30"]
[SourceVersion "1"]
[SourceVersionDate "2021.11.30"]
[SourceQuality "1"]

1. d4 d5 2. c4 c6 3. Nc3 Nf6 4. cxd5 cxd5 5. Bf4 Nc6 6. e3 Bf5 7. Be2 e6 8. Qb3 Qd7 9. h3 Ne4 10. Nf3 Bb4 11. 0-0 Bxc3 12. bxc3 a6 13. Rfc1 Rc8 14. Qb6 Ne7 15. c4 Rc6 16. Qb3 0-0 17. Ne5 Qd8 18. Nxc6 bxc6 19. f3 Nd2 20. Qc3 Nxc4 21. Bxc4 dxc4 22. e4 Bg6 23. Qxc4 f5 24. Qxe6+ Bf7 25. Qd6 fxe4 26. fxe4 Bg6 27. Qxd8 Rxd8 28. Bg5 Rd7 29. Bxe7 Rxe7 30. Rxc6 Bxe4 31. Rc8+ Kf7 32. Rd1 1-0